000 00412nam a2200145 i 4500
001 80017
003 ES-MaACL
005 20230906174116.0
007 t|
008 041026s1910 sp ||||1| spa d
100 1 _aHinojar y Pons, Adolfo.
_963770
245 1 0 _aPleuresías purulentas en el niño /
_cAdolfo Hinojar y Pons.
260 _aMadrid :
_b[s.n.,
_c1910] (
_fImp. Médica)
852 _aES-MaACL
_jT-1225-F-9
999 _c80017
_d80017